000 00836nam0a22002291 4500
001 rc\222225
005 20250621002912.0
035 _a(NLR Aleph) 005476413
090 _a5090571
_c5090571
100 _a20030307d1991 |||y0rusy50 ca
101 0 _arus
102 _aRU
105 _ay |||||||||
200 1 _aStudia slavica
_eЯзыкознание. Литературоведение. История. История науки
_e(К 80-летию С.Б. Бернштейна)
_e[Сб. ст.]
_fАН СССР, Ин-т славяноведения и балканистики
_g[Редкол: Р.В. Булатова и др.]
210 _aМ.
_cБ. и.
_d1991
215 _a374 с.
300 _aЕсть в СпбГУ
801 0 _aRU
_bNLR
_gpsbo
801 1 _aRU
_bELAR
_2rusmarc
852 _aNLR
_jDesideratum
942 _cBOOK
980 _aNB